书目信息 |
| 题名: |
气固两相穿越液池过程中的多相流动与传热传质
|
|
| 作者: | 吴晅 著 | |
| 分册: | ||
| 出版信息: | 长春 吉林大学出版社 2016.12 |
|
| 页数: | 272页 | |
| 开本: | 24cm | |
| 丛书名: | ||
| 单 册: | ||
| 中图分类: | O359 | |
| 科图分类: | ||
| 主题词: | 两相流动--传热传质学 | |
| 电子资源: | ||
| ISBN: | 978-7-5677-8467-3 | |
| 000 | 00997nam0 2200241 450 | |
| 001 | 0400001403 | |
| 005 | 20171018125031.0 | |
| 010 | @a978-7-5677-8467-3@dCNY49.00 | |
| 100 | @a20170802d2016 em y0chiy50 ea | |
| 101 | 0 | @achi |
| 102 | @aCN@b220000 | |
| 105 | @aa z 000yy | |
| 106 | @ar | |
| 200 | 1 | @a气固两相穿越液池过程中的多相流动与传热传质@9qi gu liang xiang chuan yue ye chi guo cheng zhong de duo xiang liu dong yu chuan re chuan zhi@f吴晅著 |
| 210 | @a长春@c吉林大学出版社@d2016.12 | |
| 215 | @a272页@c图@d24cm | |
| 330 | @a本书详细介绍了在煤化工、能源和环境等领域中广泛存在的穿越液池的洗涤冷却工艺过程,以及核工艺过程涉及的多相流动、相间分离及相间直接接触传热传质等工程热物理基础理论与关键技术。 | |
| 510 | 1 | @aMultiphase flow & heat and mass transfer in the process of gas-solid flow passing through a liquid pool@zeng |
| 606 | 0 | @a两相流动@x传热传质学 |
| 690 | @aO359@v5 | |
| 701 | 0 | @a吴晅@9wu xuan@4著 |
| 801 | 0 | @aCN@b91MARC@c20171018 |
| 905 | @b1020749-53@dO359@f5@e14 | |
| 气固两相穿越液池过程中的多相流动与传热传质/吴晅著.-长春:吉林大学出版社,2016.12 |
| 272页:图;24cm |
| ISBN 978-7-5677-8467-3:CNY49.00 |
| 本书详细介绍了在煤化工、能源和环境等领域中广泛存在的穿越液池的洗涤冷却工艺过程,以及核工艺过程涉及的多相流动、相间分离及相间直接接触传热传质等工程热物理基础理论与关键技术。 |
| ● |
| 相关链接 |
|
|
|
|
正题名:气固两相穿越液池过程中的多相流动与传热传质
索取号:O359/14
 
预约/预借
| 序号 | 登录号 | 条形码 | 馆藏地/架位号 | 状态 | 备注 |
| 1 | 1020749 | 210207499 | 第二样本阅览室/ [索取号:O359/14] | 在馆 | |
| 2 | 1020750 | 210207505 | 第三借阅区/ [索取号:O359/14] | 在馆 | |
| 3 | 1020751 | 210207514 | 第三借阅区/ [索取号:O359/14] | 在馆 | |
| 4 | 1020752 | 210207523 | 第三借阅区/ [索取号:O359/14] | 在馆 | |
| 5 | 1020753 | 210207532 | 密集书库-数信学院/ [索取号:O359/14] | 在馆 |